| 000 | 00400nam a2200181Ia 4500 | ||
|---|---|---|---|
| 005 | 20250423095950.0 | ||
| 008 | 250422s9999 xx 000 0 und d | ||
| 020 | _a97831700231 | ||
| 050 | _aKP 134 .C5/ | ||
| 100 | _aChianu, Emeka | ||
| 245 | 0 | _aLaw of Banking | |
| 250 | _a1st ed. | ||
| 260 | _aLagos | ||
| 260 | _bNew system press ltd. | ||
| 260 | _c1995 | ||
| 300 | _a463 p | ||
| 942 | _cBK | ||
| 999 |
_c31874 _d31874 |
||